日本の地下鉄全駅 - Statistics

General Stats
  • This quiz has been taken 161 times
    143 since last reset
  • The average score is 354 of 745
Answer Stats
路線名 ナンバリング Answer % Correct
東京メトロ丸ノ内線 M08 新宿
82%
都営地下鉄新宿線 S01 新宿
82%
都営地下鉄大江戸線 E27 新宿
82%
東京メトロ銀座線 G09 銀座
79%
東京メトロ銀座線 G16 上野
79%
東京メトロ銀座線 G19 浅草
79%
東京メトロ丸ノ内線 M16 銀座
79%
東京メトロ日比谷線 H09 銀座
79%
東京メトロ日比谷線 H18 上野
79%
都営地下鉄浅草線 A18 浅草
79%
名古屋市営地下鉄東山線 H08 名古屋
78%
名古屋市営地下鉄桜通線 S02 名古屋
78%
仙台市地下鉄南北線 N10 仙台
77%
仙台市地下鉄東西線 T07 仙台
77%
札幌市営地下鉄南北線 N06 さっぽろ
76%
札幌市営地下鉄東豊線 H07 さっぽろ
76%
東京メトロ銀座線 G01 渋谷
76%
東京メトロ銀座線 G11 日本橋
76%
東京メトロ東西線 T10 日本橋
76%
東京メトロ半蔵門線 Z01 渋谷
76%
東京メトロ副都心線 F16 渋谷
76%
都営地下鉄浅草線 A13 日本橋
76%
Osaka Metro千日前線 S17 日本橋
76%
Osaka Metro堺筋線 K17 日本橋
76%
東京メトロ丸ノ内線 M17 東京
75%
横浜市営地下鉄ブルーライン B20 横浜
75%
名古屋市営地下鉄東山線 H10
75%
名古屋市営地下鉄名城線 M05
75%
福岡市地下鉄空港線 K04 西新
75%
東京メトロ丸ノ内線 M18 大手町
74%
東京メトロ日比谷線 H08 日比谷
74%
東京メトロ東西線 T09 大手町
74%
東京メトロ千代田線 C06 赤坂
74%
東京メトロ千代田線 C09 日比谷
74%
東京メトロ千代田線 C11 大手町
74%
東京メトロ半蔵門線 Z08 大手町
74%
東京メトロ半蔵門線 Z14 押上
74%
都営地下鉄浅草線 A20 押上
74%
都営地下鉄三田線 I08 日比谷
74%
都営地下鉄三田線 I09 大手町
74%
福岡市地下鉄空港線 K07 赤坂
74%
東京メトロ丸ノ内線 M25 池袋
73%
東京メトロ有楽町線 Y09 池袋
73%
東京メトロ副都心線 F09 池袋
73%
都営地下鉄浅草線 A08 三田
73%
都営地下鉄三田線 I04 三田
73%
京都市営地下鉄烏丸線 K11 京都
73%
Osaka Metro御堂筋線 M13 新大阪
73%
東京メトロ銀座線 G10 京橋
70%
都営地下鉄大江戸線 E26 代々木
70%
名古屋市営地下鉄上飯田線 K01 上飯田
70%
Osaka Metro御堂筋線 M16 梅田
70%
Osaka Metro長堀鶴見緑地線 N22 京橋
70%
福岡市地下鉄空港線 K08 天神
70%
札幌市営地下鉄南北線 N07 大通
69%
札幌市営地下鉄東西線 T09 大通
69%
札幌市営地下鉄東豊線 H08 大通
69%
東京メトロ東西線 T01 中野
69%
東京メトロ南北線 N01 目黒
69%
都営地下鉄三田線 I01 目黒
69%
Osaka Metro御堂筋線 M23 天王寺
69%
Osaka Metro谷町線 T27 天王寺
69%
東京メトロ丸ノ内線 M01 荻窪
68%
東京メトロ丸ノ内線 M07 西新宿
68%
名古屋市営地下鉄名城線 M01 金山
68%
名古屋市営地下鉄名港線 E01 金山
68%
京都市営地下鉄東西線 T10 東山
68%
福岡市地下鉄空港線 K11 博多
68%
福岡市地下鉄七隈線 N08 金山
68%
福岡市地下鉄七隈線 N18 博多
68%
東京メトロ銀座線 G07 虎ノ門
67%
東京メトロ銀座線 G08 新橋
67%
東京メトロ丸ノ内線 M09 新宿三丁目
67%
東京メトロ日比谷線 H22 北千住
67%
東京メトロ千代田線 C18 北千住
67%
東京メトロ有楽町線 Y18 有楽町
67%
東京メトロ副都心線 F13 新宿三丁目
67%
都営地下鉄浅草線 A10 新橋
67%
都営地下鉄新宿線 S02 新宿三丁目
67%
名古屋市営地下鉄鶴舞線 T18
67%
Osaka Metro御堂筋線 M18 本町
67%
Osaka Metro御堂筋線 M20 なんば
67%
Osaka Metro四つ橋線 Y13 本町
67%
Osaka Metro四つ橋線 Y15 なんば
67%
Osaka Metro中央線 C16 本町
67%
Osaka Metro千日前線 S16 なんば
67%
東京メトロ銀座線 G05 赤坂見附
66%
東京メトロ丸ノ内線 M13 赤坂見附
66%
東京メトロ日比谷線 H16 秋葉原
66%
東京メトロ東西線 T06 飯田橋
66%
東京メトロ東西線 T23 西船橋
66%
東京メトロ有楽町線 Y01 和光市
66%
東京メトロ有楽町線 Y13 飯田橋
66%
東京メトロ南北線 N10 飯田橋
66%
東京メトロ副都心線 F01 和光市
66%
都営地下鉄大江戸線 E06 飯田橋
66%
京都市営地下鉄烏丸線 K08 烏丸御池
66%
京都市営地下鉄東西線 T13 烏丸御池
66%
神戸市営地下鉄西神・山手線 S02 新神戸
66%
神戸市営地下鉄北神線 S02 新神戸
66%
札幌市営地下鉄東西線 T19 新さっぽろ
65%
東京メトロ丸ノ内線 M12 四ツ谷
65%
東京メトロ丸ノ内線 M20 御茶ノ水
65%
東京メトロ日比谷線 H04 六本木
65%
東京メトロ千代田線 C03 明治神宮前
65%
東京メトロ南北線 N08 四ツ谷
65%
東京メトロ副都心線 F15 明治神宮前
65%
都営地下鉄大江戸線 E23 六本木
65%
横浜市営地下鉄ブルーライン B25 新横浜
65%
名古屋市営地下鉄東山線 H21 本郷
65%
名古屋市営地下鉄名港線 E07 名古屋港
65%
神戸市営地下鉄西神・山手線 S03 三宮
65%
東京メトロ丸ノ内線 M22 後楽園
64%
東京メトロ日比谷線 H11 築地
64%
東京メトロ東西線 T07 九段下
64%
東京メトロ有楽町線 Y02 地下鉄成増
64%
東京メトロ半蔵門線 Z05 半蔵門
64%
東京メトロ半蔵門線 Z06 九段下
64%
東京メトロ南北線 N03 白金高輪
64%
東京メトロ南北線 N11 後楽園
64%
東京メトロ副都心線 F02 地下鉄成増
64%
都営地下鉄三田線 I03 白金高輪
64%
都営地下鉄新宿線 S05 九段下
64%
Osaka Metro谷町線 T23 谷町四丁目
64%
Osaka Metro四つ橋線 Y11 西梅田
64%
Osaka Metro中央線 C18 谷町四丁目
64%
東京メトロ日比谷線 H02 恵比寿
63%
東京メトロ千代田線 C19 綾瀬
63%
東京メトロ有楽町線 Y06 小竹向原
63%
東京メトロ有楽町線 Y24 新木場
63%
東京メトロ副都心線 F06 小竹向原
63%
都営地下鉄大江戸線 E09 上野御徒町
63%
横浜市営地下鉄ブルーライン B29 センター南
63%
横浜市営地下鉄グリーンライン G04 センター南
63%
京都市営地下鉄烏丸線 K09 四条
63%
京都市営地下鉄東西線 T15 二条
63%
Osaka Metro御堂筋線 M14 西中島南方
63%
Osaka Metro御堂筋線 M22 動物園前
63%
Osaka Metro御堂筋線 M30 なかもず
63%
Osaka Metro谷町線 T20 東梅田
63%
Osaka Metro堺筋線 K19 動物園前
63%
福岡市地下鉄空港線 K13 福岡空港
63%
東京メトロ銀座線 G04 青山一丁目
62%
東京メトロ銀座線 G13 神田
62%
東京メトロ丸ノ内線 M14 国会議事堂前
62%
東京メトロ日比谷線 H06 虎ノ門ヒルズ
62%
東京メトロ日比谷線 H10 東銀座
62%
東京メトロ日比谷線 H21 南千住
62%
東京メトロ千代田線 C07 国会議事堂前
62%
東京メトロ有楽町線 Y16 永田町
62%
東京メトロ有楽町線 Y22 豊洲
62%
東京メトロ半蔵門線 Z03 青山一丁目
62%
東京メトロ半蔵門線 Z04 永田町
62%
東京メトロ南北線 N07 永田町
62%
東京メトロ南北線 N14 駒込
62%
都営地下鉄浅草線 A11 東銀座
62%
都営地下鉄浅草線 A16 浅草橋
62%
都営地下鉄大江戸線 E24 青山一丁目
62%
横浜市営地下鉄ブルーライン B30 センター北
62%
横浜市営地下鉄グリーンライン G05 センター北
62%
横浜市営地下鉄グリーンライン G08 高田
62%
名古屋市営地下鉄鶴舞線 T10 鶴舞
62%
京都市営地下鉄烏丸線 K12 九条
62%
Osaka Metro御堂筋線 M11 江坂
62%
Osaka Metro御堂筋線 M17 淀屋橋
62%
Osaka Metro谷町線 T25 谷町九丁目
62%
Osaka Metro中央線 C14 九条
62%
Osaka Metro千日前線 S18 谷町九丁目
62%
東京メトロ丸ノ内線 M06 中野坂上
60%
東京メトロ丸ノ内線分岐線 (M06) 中野坂上
60%
東京メトロ日比谷線 H01 中目黒
60%
東京メトロ東西線 T18 浦安
60%
東京メトロ千代田線 C01 代々木上原
60%
東京メトロ千代田線 C20 北綾瀬
60%
東京メトロ有楽町線 Y03 地下鉄赤塚
60%
東京メトロ半蔵門線 Z07 神保町
60%
東京メトロ半蔵門線 Z13 錦糸町
60%
東京メトロ南北線 N19 赤羽岩淵
60%
東京メトロ副都心線 F03 地下鉄赤塚
60%
都営地下鉄浅草線 A05 五反田
60%
都営地下鉄浅草線 A09 大門
60%
都営地下鉄三田線 I10 神保町
60%
都営地下鉄三田線 I11 水道橋
60%
都営地下鉄新宿線 S06 神保町
60%
都営地下鉄大江戸線 E20 大門
60%
都営地下鉄大江戸線 E30 中野坂上
60%
都営地下鉄大江戸線 E35 練馬
60%
Osaka Metro御堂筋線 M15 中津
60%
Osaka Metro谷町線 T24 谷町六丁目
60%
Osaka Metro中央線 C09 夢洲
60%
Osaka Metro千日前線 S20 今里
60%
Osaka Metro長堀鶴見緑地線 N18 谷町六丁目
60%
Osaka Metro今里筋線 I21 今里
60%
東京メトロ銀座線 G02 表参道
59%
東京メトロ丸ノ内線分岐線 Mb03 方南町
59%
東京メトロ東西線 T03 高田馬場
59%
東京メトロ千代田線 C04 表参道
59%
東京メトロ半蔵門線 Z02 表参道
59%
都営地下鉄大江戸線 E12 両国
59%
京都市営地下鉄烏丸線 K01 国際会館
59%
京都市営地下鉄東西線 T07 山科
59%
Osaka Metro御堂筋線 M21 大国町
59%
Osaka Metro谷町線 T36 八尾南
59%
Osaka Metro四つ橋線 Y16 大国町
59%
仙台市地下鉄東西線 T04 国際センター
58%
東京メトロ銀座線 G12 三越前
58%
東京メトロ銀座線 G15 上野広小路
58%
東京メトロ東西線 T14 東陽町
58%
東京メトロ千代田線 C16 西日暮里
58%
東京メトロ半蔵門線 Z09 三越前
58%
東京メトロ南北線 N02 白金台
58%
都営地下鉄三田線 I02 白金台
58%
名古屋市営地下鉄名城線 M07 名古屋城
58%
名古屋市営地下鉄名城線 M12 大曽根
58%
名古屋市営地下鉄桜通線 S03 国際センター
58%
京都市営地下鉄烏丸線 K15 竹田
58%
京都市営地下鉄東西線 T01 六地蔵
58%
Osaka Metro御堂筋線 M19 心斎橋
58%
Osaka Metro谷町線 T18 天神橋筋六丁目
58%
Osaka Metro千日前線 S19 鶴橋
58%
Osaka Metro堺筋線 K11 天神橋筋六丁目
58%
Osaka Metro長堀鶴見緑地線 N15 心斎橋
58%
Osaka Metro長堀鶴見緑地線 N26 鶴見緑地
58%
札幌市営地下鉄南北線 N08 すすきの
57%
東京メトロ東西線 T02 落合
57%
東京メトロ東西線 T04 早稲田
57%
東京メトロ副都心線 F12 東新宿
57%
都営地下鉄三田線 I15 巣鴨
57%
都営地下鉄大江戸線 E02 東新宿
57%
都営地下鉄大江戸線 E28 都庁前
57%
横浜市営地下鉄ブルーライン B01 湘南台
57%
横浜市営地下鉄グリーンライン G10 日吉
57%
名古屋市営地下鉄名城線 M13 ナゴヤドーム前矢田
57%
Osaka Metro四つ橋線 Y21 住之江公園
57%
Osaka Metro中央線 C10 コスモスクエア
57%
Osaka Metro中央線 C19 森ノ宮
57%
Osaka Metro中央線 C23 長田
57%
Osaka Metro長堀鶴見緑地線 N20 森ノ宮
57%
Osaka Metro南港ポートタウン線 P09 コスモスクエア
57%
Osaka Metro南港ポートタウン線 P18 住之江公園
57%
神戸市営地下鉄西神・山手線 S08 長田
57%
仙台市地下鉄東西線 T01 八木山動物公園
56%
東京メトロ丸ノ内線 M10 新宿御苑前
56%
東京メトロ丸ノ内線 M23 茗荷谷
56%
東京メトロ東西線 T17 葛西
56%
東京メトロ千代田線 C02 代々木公園
56%
東京メトロ有楽町線 Y04 平和台
56%
東京メトロ有楽町線 Y10 東池袋
56%
東京メトロ有楽町線 Y14 市ケ谷
56%
東京メトロ有楽町線 Y21 月島
56%
東京メトロ半蔵門線 Z12 住吉
56%
東京メトロ南北線 N04 麻布十番
56%
東京メトロ南北線 N05 六本木一丁目
56%
東京メトロ南北線 N09 市ケ谷
56%
東京メトロ南北線 N16 王子
56%
東京メトロ副都心線 F04 平和台
56%
都営地下鉄浅草線 A07 泉岳寺
56%
都営地下鉄三田線 I22 志村三丁目
56%
都営地下鉄三田線 I25 高島平
56%
都営地下鉄三田線 I27 西高島平
56%
都営地下鉄新宿線 S04 市ケ谷
56%
都営地下鉄新宿線 S13 住吉
56%
都営地下鉄新宿線 S21 本八幡
56%
都営地下鉄大江戸線 E16 月島
56%
都営地下鉄大江戸線 E22 麻布十番
56%
都営地下鉄大江戸線 E38 光が丘
56%
横浜市営地下鉄ブルーライン B32 あざみ野
56%
神戸市営地下鉄海岸線 K01 三宮・花時計前
56%
東京メトロ銀座線 G03 外苑前
55%
東京メトロ丸ノ内線 M15 霞ケ関
55%
東京メトロ丸ノ内線 M19 淡路町
55%
東京メトロ丸ノ内線 M21 本郷三丁目
55%
東京メトロ日比谷線 H07 霞ケ関
55%
東京メトロ東西線 T16 西葛西
55%
東京メトロ東西線 T21 妙典
55%
東京メトロ千代田線 C08 霞ケ関
55%
東京メトロ有楽町線 Y05 氷川台
55%
東京メトロ有楽町線 Y08 要町
55%
東京メトロ半蔵門線 Z11 清澄白河
55%
東京メトロ南北線 N12 東大前
55%
東京メトロ副都心線 F05 氷川台
55%
東京メトロ副都心線 F08 要町
55%
都営地下鉄浅草線 A01 西馬込
55%
都営地下鉄浅草線 A19 本所吾妻橋
55%
都営地下鉄大江戸線 E08 本郷三丁目
55%
都営地下鉄大江戸線 E14 清澄白河
55%
京都市営地下鉄東西線 T11 三条京阪
55%
京都市営地下鉄東西線 T17 太秦天神川
55%
Osaka Metro谷町線 T11 大日
55%
Osaka Metro中央線 C11 大阪港
55%
札幌市営地下鉄南北線 N16 真駒内
54%
東京メトロ銀座線 G06 溜池山王
54%
東京メトロ銀座線 G18 田原町
54%
東京メトロ丸ノ内線 M03 新高円寺
54%
東京メトロ丸ノ内線 M11 四谷三丁目
54%
東京メトロ日比谷線 H17 仲御徒町
54%
東京メトロ東西線 T20 行徳
54%
東京メトロ千代田線 C12 新御茶ノ水
54%
東京メトロ有楽町線 Y17 桜田門
54%
東京メトロ有楽町線 Y19 銀座一丁目
54%
東京メトロ南北線 N06 溜池山王
54%
都営地下鉄浅草線 A02 馬込
54%
都営地下鉄浅草線 A15 東日本橋
54%
横浜市営地下鉄ブルーライン B18 桜木町
54%
Osaka Metro御堂筋線 M27 あびこ
54%
Osaka Metro中央線 C17 堺筋本町
54%
Osaka Metro千日前線 S11 野田阪神
54%
Osaka Metro堺筋線 K15 堺筋本町
54%
Osaka Metro長堀鶴見緑地線 N11 大正
54%
神戸市営地下鉄西神・山手線 S09 新長田
54%
神戸市営地下鉄海岸線 K10 新長田
54%
東京メトロ丸ノ内線 M04 東高円寺
53%
東京メトロ丸ノ内線 M05 新中野
53%
東京メトロ日比谷線 H14 人形町
53%
東京メトロ東西線 T08 竹橋
53%
東京メトロ東西線 T12 門前仲町
53%
東京メトロ東西線 T19 南行徳
53%
都営地下鉄浅草線 A06 高輪台
53%
都営地下鉄浅草線 A14 人形町
53%
都営地下鉄三田線 I12 春日
53%
都営地下鉄三田線 I26 新高島平
53%
都営地下鉄大江戸線 E01 新宿西口
53%
都営地下鉄大江戸線 E07 春日
53%
都営地下鉄大江戸線 E15 門前仲町
53%
名古屋市営地下鉄名城線 M11 平安通
53%
名古屋市営地下鉄上飯田線 K02 平安通
53%
Osaka Metro千日前線 S24 南巽
53%
仙台市地下鉄南北線 N15 長町
52%
東京メトロ丸ノ内線 M24 新大塚
52%
東京メトロ日比谷線 H03 広尾
52%
東京メトロ日比谷線 H13 茅場町
52%
東京メトロ東西線 T05 神楽坂
52%
東京メトロ東西線 T11 茅場町
52%
東京メトロ東西線 T13 木場
52%
東京メトロ有楽町線 Y07 千川
52%
東京メトロ有楽町線 Y12 江戸川橋
52%
東京メトロ副都心線 F07 千川
52%
東京メトロ副都心線 F11 西早稲田
52%
東京メトロ副都心線 F14 北参道
52%
都営地下鉄浅草線 A17 蔵前
52%
都営地下鉄三田線 I18 板橋区役所前
52%
都営地下鉄新宿線 S09 馬喰横山
52%
都営地下鉄大江戸線 E11 蔵前
52%
都営地下鉄大江戸線 E19 汐留
52%
都営地下鉄大江戸線 E25 国立競技場
52%
都営地下鉄大江戸線 E36 豊島園
52%
横浜市営地下鉄ブルーライン B06 戸塚
52%
名古屋市営地下鉄名城線 M06 久屋大通
52%
名古屋市営地下鉄桜通線 S05 久屋大通
52%
Osaka Metro中央線 C13 弁天町
52%
Osaka Metro千日前線 S23 北巽
52%
Osaka Metro堺筋線 K20 天下茶屋
52%
東京メトロ丸ノ内線分岐線 Mb04 中野富士見町
51%
東京メトロ丸ノ内線分岐線 Mb05 中野新橋
51%
東京メトロ日比谷線 H20 三ノ輪
51%
東京メトロ東西線 T22 原木中山
51%
東京メトロ千代田線 C05 乃木坂
51%
東京メトロ千代田線 C10 二重橋前
51%
東京メトロ千代田線 C14 根津
51%
東京メトロ千代田線 C15 千駄木
51%
東京メトロ千代田線 C17 町屋
51%
東京メトロ有楽町線 Y11 護国寺
51%
東京メトロ半蔵門線 Z10 水天宮前
51%
東京メトロ南北線 N13 本駒込
51%
都営地下鉄浅草線 A12 宝町
51%
都営地下鉄三田線 I21 志村坂上
51%
都営地下鉄新宿線 S03 曙橋
51%
都営地下鉄新宿線 S08 岩本町
51%
都営地下鉄新宿線 S15 大島
51%
都営地下鉄大江戸線 E29 西新宿五丁目
51%
都営地下鉄大江戸線 E31 東中野
51%
都営地下鉄大江戸線 E33 落合南長崎
51%
横浜市営地下鉄ブルーライン B17 関内
51%
名古屋市営地下鉄東山線 H22 藤が丘
51%
名古屋市営地下鉄鶴舞線 T01 上小田井
51%
京都市営地下鉄烏丸線 K10 五条
51%
仙台市地下鉄南北線 N01 泉中央
49%
東京メトロ丸ノ内線 M02 南阿佐ケ谷
49%
東京メトロ東西線 T15 南砂町
49%
東京メトロ有楽町線 Y23 辰巳
49%
東京メトロ南北線 N18 志茂
49%
都営地下鉄三田線 I19 板橋本町
49%
都営地下鉄新宿線 S11 森下
49%
都営地下鉄新宿線 S14 西大島
49%
都営地下鉄新宿線 S16 東大島
49%
都営地下鉄大江戸線 E10 新御徒町
49%
都営地下鉄大江戸線 E13 森下
49%
横浜市営地下鉄グリーンライン G01 中山
49%
名古屋市営地下鉄東山線 H12 千種
49%
名古屋市営地下鉄桜通線 S01 太閤通
49%
京都市営地下鉄東西線 T08 御陵
49%
Osaka Metro長堀鶴見緑地線 N27 門真南
49%
神戸市営地下鉄北神線 S01 谷上
49%
福岡市地下鉄空港線 K01 姪浜
49%
札幌市営地下鉄東豊線 H01 栄町
48%
東京メトロ日比谷線 H05 神谷町
48%
東京メトロ千代田線 C13 湯島
48%
東京メトロ副都心線 F10 雑司が谷
48%
都営地下鉄浅草線 A03 中延
48%
都営地下鉄浅草線 A04 戸越
48%
都営地下鉄大江戸線 E17 勝どき
48%
都営地下鉄大江戸線 E18 築地市場
48%
京都市営地下鉄烏丸線 K14 くいな橋
48%
京都市営地下鉄東西線 T14 二条城前
48%
Osaka Metro谷町線 T15 関目高殿
48%
Osaka Metro谷町線 T22 天満橋
48%
神戸市営地下鉄西神・山手線 S17 西神中央
48%
神戸市営地下鉄海岸線 K06 和田岬
48%
仙台市地下鉄東西線 T13 荒井
47%
都営地下鉄三田線 I05 芝公園
47%
都営地下鉄新宿線 S19 瑞江
47%
都営地下鉄大江戸線 E21 赤羽橋
47%
横浜市営地下鉄ブルーライン B11 上大岡
47%
Osaka Metro四つ橋線 Y14 四ツ橋
47%
Osaka Metro堺筋線 K16 長堀橋
47%
Osaka Metro長堀鶴見緑地線 N16 長堀橋
47%
福岡市地下鉄空港線 K09 中洲川端
47%
福岡市地下鉄箱崎線 H01 中洲川端
47%
福岡市地下鉄七隈線 N16 天神南
47%
東京メトロ銀座線 G14 末広町
46%
東京メトロ銀座線 G17 稲荷町
46%
東京メトロ日比谷線 H12 八丁堀
46%
東京メトロ日比谷線 H19 入谷
46%
都営地下鉄三田線 I06 御成門
46%
都営地下鉄三田線 I07 内幸町
46%
都営地下鉄三田線 I13 白山
46%
都営地下鉄三田線 I16 西巣鴨
46%
都営地下鉄三田線 I17 新板橋
46%
都営地下鉄新宿線 S07 小川町
46%
都営地下鉄新宿線 S12 菊川
46%
都営地下鉄新宿線 S18 一之江
46%
都営地下鉄大江戸線 E05 牛込神楽坂
46%
都営地下鉄大江戸線 E32 中井
46%
名古屋市営地下鉄東山線 H02 八田
46%
名古屋市営地下鉄東山線 H09 伏見
46%
名古屋市営地下鉄鶴舞線 T06 丸の内
46%
名古屋市営地下鉄鶴舞線 T07 伏見
46%
名古屋市営地下鉄鶴舞線 T20 赤池
46%
名古屋市営地下鉄桜通線 S04 丸の内
46%
京都市営地下鉄烏丸線 K13 十条
46%
Osaka Metro谷町線 T12 守口
46%
Osaka Metro谷町線 T33 喜連瓜破
46%
Osaka Metro中央線 C15 阿波座
46%
Osaka Metro千日前線 S13 阿波座
46%
Osaka Metro長堀鶴見緑地線 N12 ドーム前千代崎
46%
Osaka Metro長堀鶴見緑地線 N21 大阪ビジネスパーク
46%
仙台市地下鉄南北線 N06 北仙台
45%
仙台市地下鉄南北線 N17 富沢
45%
東京メトロ日比谷線 H15 小伝馬町
45%
東京メトロ有楽町線 Y20 新富町
45%
東京メトロ南北線 N15 西ケ原
45%
東京メトロ南北線 N17 王子神谷
45%
都営地下鉄三田線 I24 西台
45%
都営地下鉄新宿線 S20 篠崎
45%
都営地下鉄大江戸線 E04 牛込柳町
45%
都営地下鉄大江戸線 E37 練馬春日町
45%
名古屋市営地下鉄東山線 H01 高畑
45%
名古屋市営地下鉄桜通線 S21 徳重
45%
京都市営地下鉄東西線 T09 蹴上
45%
Osaka Metro谷町線 T26 四天王寺前夕陽ケ丘
45%
Osaka Metro四つ橋線 Y12 肥後橋
45%
札幌市営地下鉄南北線 N01 麻生
44%
都営地下鉄新宿線 S10 浜町
44%
京都市営地下鉄東西線 T12 京都市役所前
44%
Osaka Metro千日前線 S15 桜川
44%
福岡市地下鉄箱崎線 H07 貝塚
44%
都営地下鉄三田線 I14 千石
43%
都営地下鉄三田線 I23 蓮根
43%
都営地下鉄大江戸線 E34 新江古田
43%
横浜市営地下鉄ブルーライン B26 北新横浜
43%
名古屋市営地下鉄名城線 M23 新瑞橋
43%
名古屋市営地下鉄桜通線 S14 新瑞橋
43%
Osaka Metro御堂筋線 M26 長居
43%
Osaka Metro御堂筋線 M29 新金岡
43%
Osaka Metro谷町線 T16 野江内代
43%
Osaka Metro谷町線 T17 都島
43%
Osaka Metro谷町線 T21 南森町
43%
Osaka Metro堺筋線 K13 南森町
43%
Osaka Metro堺筋線 K14 北浜
43%
福岡市地下鉄七隈線 N07 七隈
43%
都営地下鉄大江戸線 E03 若松河田
42%
名古屋市営地下鉄東山線 H13 今池
42%
名古屋市営地下鉄名城線 M18 名古屋大学
42%
名古屋市営地下鉄名城線 M20 八事
42%
名古屋市営地下鉄鶴舞線 T15 八事
42%
名古屋市営地下鉄桜通線 S08 今池
42%
京都市営地下鉄烏丸線 K03 北山
42%
Osaka Metro御堂筋線 M12 東三国
42%
Osaka Metro谷町線 T28 阿倍野
42%
Osaka Metro四つ橋線 Y19 玉出
42%
Osaka Metro今里筋線 I11 井高野
42%
札幌市営地下鉄南北線 N15 自衛隊前
41%
横浜市営地下鉄ブルーライン B16 伊勢佐木長者町
41%
Osaka Metro谷町線 T19 中崎町
41%
Osaka Metro今里筋線 I17 関目成育
41%
札幌市営地下鉄東豊線 H09 豊水すすきの
40%
都営地下鉄新宿線 S17 船堀
40%
名古屋市営地下鉄東山線 H05 中村日赤
40%
名古屋市営地下鉄名城線 M22 瑞穂運動場東
40%
Osaka Metro御堂筋線 M25 西田辺
40%
Osaka Metro谷町線 T13 太子橋今市
40%
Osaka Metro四つ橋線 Y18 岸里
40%
Osaka Metro中央線 C22 高井田
40%
Osaka Metro今里筋線 I14 太子橋今市
40%
福岡市地下鉄七隈線 N01 橋本
40%
都営地下鉄三田線 I20 本蓮沼
38%
名古屋市営地下鉄東山線 H17 東山公園
38%
名古屋市営地下鉄名城線 M19 八事日赤
38%
京都市営地下鉄烏丸線 K04 北大路
38%
京都市営地下鉄烏丸線 K06 今出川
38%
Osaka Metro御堂筋線 M24 昭和町
38%
Osaka Metro御堂筋線 M28 北花田
38%
Osaka Metro中央線 C12 朝潮橋
38%
名古屋市営地下鉄東山線 H16 本山
37%
名古屋市営地下鉄名城線 M17 本山
37%
名古屋市営地下鉄名城線 M27 熱田神宮西
37%
名古屋市営地下鉄桜通線 S13 瑞穂運動場西
37%
Osaka Metro谷町線 T14 千林大宮
37%
Osaka Metro谷町線 T32 平野
37%
Osaka Metro中央線 C20 緑橋
37%
Osaka Metro長堀鶴見緑地線 N19 玉造
37%
Osaka Metro今里筋線 I13 だいどう豊里
37%
Osaka Metro今里筋線 I19 鴫野
37%
Osaka Metro今里筋線 I20 緑橋
37%
札幌市営地下鉄東西線 T01 宮の沢
36%
札幌市営地下鉄東西線 T03 琴似
36%
仙台市地下鉄南北線 N08 勾当台公園
36%
仙台市地下鉄南北線 N16 長町南
36%
横浜市営地下鉄ブルーライン B22 三ツ沢上町
36%
名古屋市営地下鉄東山線 H11 新栄町
36%
名古屋市営地下鉄名城線 M03 上前津
36%
名古屋市営地下鉄鶴舞線 T09 上前津
36%
京都市営地下鉄東西線 T03 醍醐
36%
Osaka Metro谷町線 T29 文の里
36%
Osaka Metro堺筋線 K18 恵美須町
36%
Osaka Metro長堀鶴見緑地線 N23 蒲生四丁目
36%
Osaka Metro今里筋線 I18 蒲生四丁目
36%
神戸市営地下鉄西神・山手線 S04 県庁前
36%
福岡市地下鉄空港線 K12 東比恵
36%
仙台市地下鉄南北線 N09 広瀬通
35%
仙台市地下鉄東西線 T06 青葉通一番町
35%
東京メトロ有楽町線 Y15 麴町
35%
横浜市営地下鉄ブルーライン B21 三ツ沢下町
35%
名古屋市営地下鉄名城線 M26 熱田神宮伝馬町
35%
名古屋市営地下鉄鶴舞線 T12 御器所
35%
名古屋市営地下鉄桜通線 S10 御器所
35%
京都市営地下鉄東西線 T05 椥辻
35%
Osaka Metro四つ橋線 Y20 北加賀屋
35%
Osaka Metro南港ポートタウン線 P11 中ふ頭
35%
Osaka Metro南港ポートタウン線 P12 ポートタウン西
35%
Osaka Metro南港ポートタウン線 P13 ポートタウン東
35%
神戸市営地下鉄海岸線 K04 ハーバーランド
35%
福岡市地下鉄七隈線 N17 櫛田神社前
35%
札幌市営地下鉄東豊線 H03 元町
34%
札幌市営地下鉄東豊線 H14 福住
34%
横浜市営地下鉄ブルーライン B05 踊場
34%
横浜市営地下鉄ブルーライン B19 高島町
34%
横浜市営地下鉄ブルーライン B27 新羽
34%
名古屋市営地下鉄名城線 M04 矢場町
34%
名古屋市営地下鉄名城線 M08 名城公園
34%
名古屋市営地下鉄名城線 M14 砂田橋
34%
Osaka Metro谷町線 T35 長原
34%
Osaka Metro四つ橋線 Y17 花園町
34%
Osaka Metro千日前線 S14 西長堀
34%
Osaka Metro長堀鶴見緑地線 N13 西長堀
34%
Osaka Metro南港ポートタウン線 P10 トレードセンター前
34%
札幌市営地下鉄東西線 T10 バスセンター前
33%
仙台市地下鉄東西線 T02 青葉山
33%
横浜市営地下鉄ブルーライン B09 上永谷
33%
名古屋市営地下鉄東山線 H04 中村公園
33%
名古屋市営地下鉄東山線 H07 亀島
33%
名古屋市営地下鉄東山線 H18 星ヶ丘
33%
名古屋市営地下鉄桜通線 S12 瑞穂区役所
33%
京都市営地下鉄烏丸線 K07 丸太町
33%
Osaka Metro谷町線 T34 出戸
33%
Osaka Metro今里筋線 I12 瑞光四丁目
33%
Osaka Metro南港ポートタウン線 P14 フェリーターミナル
33%
Osaka Metro南港ポートタウン線 P15 南港東
33%
神戸市営地下鉄海岸線 K02 旧居留地・大丸前
33%
仙台市地下鉄東西線 T03 川内
32%
仙台市地下鉄東西線 T08 宮城野通
32%
横浜市営地下鉄グリーンライン G09 日吉本町
32%
名古屋市営地下鉄東山線 H19 一社
32%
名古屋市営地下鉄鶴舞線 T02 庄内緑地公園
32%
名古屋市営地下鉄鶴舞線 T08 大須観音
32%
名古屋市営地下鉄鶴舞線 T14 いりなか
32%
京都市営地下鉄烏丸線 K02 松ヶ崎
32%
Osaka Metro千日前線 S21 新深江
32%
Osaka Metro今里筋線 I16 新森古市
32%
神戸市営地下鉄西神・山手線 S12 名谷
32%
神戸市営地下鉄西神・山手線 S13 総合運動公園
32%
神戸市営地下鉄西神・山手線 S16 西神南
32%
福岡市地下鉄空港線 K06 大濠公園
32%
札幌市営地下鉄南北線 N05 北12条
32%
札幌市営地下鉄南北線 N04 北18条
32%
札幌市営地下鉄南北線 N12 平岸
31%
札幌市営地下鉄東西線 T13 白石
31%
仙台市地下鉄南北線 N02 八乙女
31%
横浜市営地下鉄ブルーライン B02 下飯田
31%
横浜市営地下鉄グリーンライン G03 都筑ふれあいの丘
31%
名古屋市営地下鉄東山線 H20 上社
31%
名古屋市営地下鉄名港線 E02 日比野
31%
名古屋市営地下鉄桜通線 S07 車道
31%
Osaka Metro谷町線 T30 田辺
31%
Osaka Metro谷町線 T31 駒川中野
31%
Osaka Metro中央線 C21 深江橋
31%
Osaka Metro千日前線 S12 玉川
31%
Osaka Metro堺筋線 K12 扇町
31%
Osaka Metro長堀鶴見緑地線 N17 松屋町
31%
Osaka Metro長堀鶴見緑地線 N24 今福鶴見
31%
Osaka Metro今里筋線 I15 清水
31%
Osaka Metro南港ポートタウン線 P16 南港口
31%
Osaka Metro南港ポートタウン線 P17 平林
31%
神戸市営地下鉄西神・山手線 S06 湊川公園
31%
札幌市営地下鉄南北線 N03 北24条
31%
札幌市営地下鉄南北線 N09 中島公園
30%
横浜市営地下鉄ブルーライン B08 下永谷
30%
福岡市地下鉄空港線 K10 祇園
30%
福岡市地下鉄箱崎線 H06 箱崎九大前
30%
福岡市地下鉄七隈線 N14 薬院
30%
札幌市営地下鉄南北線 N02 北34条
30%
名古屋市営地下鉄名城線 M16 自由ヶ丘
29%
名古屋市営地下鉄鶴舞線 T04 浄心
29%
京都市営地下鉄東西線 T04 小野
29%
京都市営地下鉄東西線 T16 西大路御池
29%
Osaka Metro長堀鶴見緑地線 N14 西大橋
29%
Osaka Metro長堀鶴見緑地線 N25 横堤
29%
札幌市営地下鉄南北線 N13 南平岸
27%
仙台市地下鉄東西線 T09 連坊
27%
仙台市地下鉄東西線 T12 六丁の目
27%
横浜市営地下鉄ブルーライン B12 弘明寺
27%
名古屋市営地下鉄名城線 M09 黒川
27%
名古屋市営地下鉄名城線 M25 堀田
27%
名古屋市営地下鉄名港線 E05 港区役所
27%
神戸市営地下鉄西神・山手線 S10 板宿
27%
神戸市営地下鉄海岸線 K08 苅藻
27%
札幌市営地下鉄東西線 T02 発寒南
26%
札幌市営地下鉄東豊線 H13 月寒中央
26%
仙台市地下鉄東西線 T05 大町西公園
26%
仙台市地下鉄東西線 T11 卸町
26%
名古屋市営地下鉄名城線 M15 茶屋ヶ坂
26%
名古屋市営地下鉄名城線 M24 妙音通
26%
名古屋市営地下鉄鶴舞線 T03 庄内通
26%
名古屋市営地下鉄桜通線 S17 野並
26%
京都市営地下鉄烏丸線 K05 鞍馬口
26%
Osaka Metro千日前線 S22 小路
26%
福岡市地下鉄空港線 K05 唐人町
26%
札幌市営地下鉄東西線 T08 西11丁目
26%
仙台市地下鉄南北線 N13 河原町
25%
横浜市営地下鉄ブルーライン B07 舞岡
25%
横浜市営地下鉄ブルーライン B13 蒔田
25%
横浜市営地下鉄ブルーライン B24 岸根公園
25%
名古屋市営地下鉄東山線 H14 池下
25%
名古屋市営地下鉄東山線 H15 覚王山
25%
名古屋市営地下鉄名城線 M02 東別院
25%
名古屋市営地下鉄名港線 E03 六番町
25%
名古屋市営地下鉄鶴舞線 T19 平針
25%
神戸市営地下鉄西神・山手線 S14 学園都市
25%
札幌市営地下鉄南北線 N10 幌平橋
24%
札幌市営地下鉄東西線 T06 円山公園
24%
仙台市地下鉄南北線 N11 五橋
24%
横浜市営地下鉄ブルーライン B10 港南中央
24%
名古屋市営地下鉄東山線 H06 本陣
24%
名古屋市営地下鉄名城線 M21 総合リハビリセンター
24%
名古屋市営地下鉄名港線 E06 築地口
24%
京都市営地下鉄東西線 T06 東野
24%
神戸市営地下鉄海岸線 K03 みなと元町
24%
札幌市営地下鉄東西線 T15 南郷13丁目
24%
札幌市営地下鉄東西線 T07 西18丁目
24%
札幌市営地下鉄東豊線 H05 東区役所前
23%
仙台市地下鉄南北線 N05 台原
23%
仙台市地下鉄南北線 N14 長町一丁目
23%
名古屋市営地下鉄名港線 E04 東海通
23%
名古屋市営地下鉄鶴舞線 T16 塩釜口
23%
名古屋市営地下鉄鶴舞線 T17 植田
23%
京都市営地下鉄東西線 T02 石田
23%
神戸市営地下鉄西神・山手線 S15 伊川谷
23%
神戸市営地下鉄海岸線 K07 御崎公園
23%
札幌市営地下鉄東西線 T05 西28丁目
23%
札幌市営地下鉄東西線 T11 菊水
22%
札幌市営地下鉄東豊線 H11 豊平公園
22%
仙台市地下鉄南北線 N04 旭ヶ丘
22%
横浜市営地下鉄ブルーライン B03 立場
22%
横浜市営地下鉄ブルーライン B15 阪東橋
22%
横浜市営地下鉄ブルーライン B31 中川
22%
横浜市営地下鉄グリーンライン G02 川和町
22%
横浜市営地下鉄グリーンライン G06 北山田
22%
名古屋市営地下鉄名城線 M28 西高蔵
22%
名古屋市営地下鉄桜通線 S15 桜本町
22%
神戸市営地下鉄西神・山手線 S11 妙法寺
22%
神戸市営地下鉄海岸線 K09 駒ケ林
22%
札幌市営地下鉄東西線 T16 南郷18丁目
22%
札幌市営地下鉄東西線 T14 南郷7丁目
22%
札幌市営地下鉄南北線 N14 澄川
21%
札幌市営地下鉄東西線 T12 東札幌
21%
札幌市営地下鉄東西線 T18 ひばりが丘
21%
仙台市地下鉄東西線 T10 薬師堂
21%
横浜市営地下鉄グリーンライン G07 東山田
21%
名古屋市営地下鉄東山線 H03 岩塚
21%
名古屋市営地下鉄鶴舞線 T13 川名
21%
名古屋市営地下鉄桜通線 S06 高岳
21%
名古屋市営地下鉄桜通線 S09 吹上
21%
神戸市営地下鉄西神・山手線 S05 大倉山
21%
神戸市営地下鉄西神・山手線 S07 上沢
21%
福岡市地下鉄七隈線 N11 六本松
21%
札幌市営地下鉄東西線 T04 二十四軒
20%
札幌市営地下鉄東豊線 H10 学園前
20%
名古屋市営地下鉄名城線 M10 志賀本通
20%
名古屋市営地下鉄鶴舞線 T11 荒畑
20%
名古屋市営地下鉄桜通線 S19 相生山
20%
名古屋市営地下鉄桜通線 S20 神沢
20%
福岡市地下鉄箱崎線 H04 馬出九大病院前
20%
福岡市地下鉄箱崎線 H05 箱崎宮前
20%
札幌市営地下鉄南北線 N11 中の島
19%
仙台市地下鉄南北線 N07 北四番丁
19%
仙台市地下鉄南北線 N12 愛宕橋
19%
横浜市営地下鉄ブルーライン B04 中田
19%
横浜市営地下鉄ブルーライン B28 仲町台
19%
名古屋市営地下鉄鶴舞線 T05 浅間町
19%
名古屋市営地下鉄桜通線 S18 鳴子北
19%
福岡市地下鉄空港線 K02 室見
19%
福岡市地下鉄七隈線 N06 福大前
19%
札幌市営地下鉄東西線 T17 大谷地
18%
札幌市営地下鉄東豊線 H04 環状通東
18%
横浜市営地下鉄ブルーライン B14 吉野町
18%
名古屋市営地下鉄桜通線 S11 桜山
18%
福岡市地下鉄空港線 K03 藤崎
18%
福岡市地下鉄七隈線 N13 薬院大通
18%
札幌市営地下鉄東豊線 H12 美園
16%
仙台市地下鉄南北線 N03 黒松
16%
横浜市営地下鉄ブルーライン B23 片倉町
16%
福岡市地下鉄箱崎線 H02 呉服町
16%
福岡市地下鉄箱崎線 H03 千代県庁口
16%
札幌市営地下鉄東豊線 H02 新道東
15%
名古屋市営地下鉄桜通線 S16 鶴里
15%
札幌市営地下鉄東豊線 H06 北13条東
15%
福岡市地下鉄七隈線 N02 次郎丸
14%
福岡市地下鉄七隈線 N10 別府
14%
神戸市営地下鉄海岸線 K05 中央市場前
13%
福岡市地下鉄七隈線 N15 渡辺通
13%
福岡市地下鉄七隈線 N04 野芥
12%
福岡市地下鉄七隈線 N12 桜坂
11%
福岡市地下鉄七隈線 N05 梅林
9%
福岡市地下鉄七隈線 N09 茶山
9%
福岡市地下鉄七隈線 N03 賀茂
8%
No matching quizzes found
Score Distribution
Percent of People with Each Score
Percentile by Number Answered
Your Score History
You have not taken this quiz since the last reset